[Event "Muensterland Regionalliga 1920"]
[Site "Germany"]
[Date "2019.11.30"]
[Round "4.4"]
[White "Langhanke, Guenther"]
[Black "Diehlmann, Christian"]
[Result "1/2-1/2"]
[WhiteElo "1942"]
[BlackElo "1936"]
[PlyCount "37"]
[EventDate "2019.09.07"]
[EventType "team-tourn"]
[EventRounds "7"]
[EventCountry "GER"]
[SourceTitle "EXT 2023"]
[Source "ChessBase"]
[SourceDate "2022.10.05"]
[SourceVersion "1"]
[SourceVersionDate "2022.10.05"]
[SourceQuality "1"]
[WhiteTeam "Rheine Klein Berlin"]
[BlackTeam "Ahaus Wessum"]
[WhiteTeamCountry "GER"]
[BlackTeamCountry "GER"]

1. e4 c6 2. d4 d5 3. exd5 cxd5 4. Bd3 Nf6 5. c3 Nc6 6. Bf4 g6 7. Nd2 Bg7 8. Ngf3 Nh5 9. Be3 0-0 10. 0-0 Bg4 11. h3 Bxf3 12. Nxf3 Qd6 13. Qd2 Rac8 14. Rfe1 e6 15. g4 Nf6 16. Bf4 Qd8 17. Ne5 Nxe5 18. Bxe5 Ne8 19. Bxg7 1/2-1/2

[Event "Muensterland Regionalliga 1718"]
[Site "Germany"]
[Date "2017.12.02"]
[Round "4.4"]
[White "Althoff, Franz"]
[Black "Diehlmann, Christian"]
[Result "1-0"]
[WhiteElo "1974"]
[BlackElo "1909"]
[PlyCount "77"]
[EventDate "2017.09.02"]
[EventType "team-tourn"]
[EventRounds "9"]
[EventCountry "GER"]
[SourceTitle "EXT 2019"]
[Source "ChessBase"]
[SourceDate "2018.10.10"]
[SourceVersion "1"]
[SourceVersionDate "2018.10.10"]
[SourceQuality "1"]
[WhiteTeam "Nienberge"]
[BlackTeam "Ahaus Wessum"]
[WhiteTeamCountry "GER"]
[BlackTeamCountry "GER"]

1. Nf3 d5 2. d4 c5 3. dxc5 Na6 4. e4 e6 5. exd5 exd5 6. Nc3 Nf6 7. Bg5 Nc7 8. Bxf6 Qxf6 9. Nxd5 Qe6+ 10. Ne3 Bxc5 11. Bc4 Qb6 12. 0-0 0-0 13. Qd3 Be6 14. Ng5 g6 15. Bxe6 Nxe6 16. Nd5 Qxb2 17. Ne4 Rfd8 18. Ndf6+ Kg7 19. Qh3 h6 20. Rab1 Qe5 21. Rxb7 Nf4 22. Qxh6+ Kxh6 23. Ng4+ Kg7 24. Nxe5 Ne2+ 25. Kh1 Bd4 26. Rxf7+ Kh6 27. Ng4+ Kh5 28. h3 g5 29. Ng3+ Nxg3+ 30. fxg3 Rab8 31. Rc7 Rb2 32. Rc6 Bg7 33. Ne3 Rf8 34. g4+ Kh4 35. Rh6+ Kg3 36. Rxf8 Bxf8 37. Rf6 Rb1+ 38. Nf1+ Kh4 39. Rxf8 1-0

[Event "Muensterland Regionalliga 1718"]
[Site "Germany"]
[Date "2017.11.11"]
[Round "3.3"]
[White "Langhanke, Guenther"]
[Black "Diehlmann, Christian"]
[Result "0-1"]
[WhiteElo "1961"]
[BlackElo "1909"]
[PlyCount "78"]
[EventDate "2017.09.02"]
[EventType "team-tourn"]
[EventRounds "9"]
[EventCountry "GER"]
[SourceTitle "EXT 2019"]
[Source "ChessBase"]
[SourceDate "2018.10.10"]
[SourceVersion "1"]
[SourceVersionDate "2018.10.10"]
[SourceQuality "1"]
[WhiteTeam "Rheine Klein Berlin"]
[BlackTeam "Ahaus Wessum"]
[WhiteTeamCountry "GER"]
[BlackTeamCountry "GER"]

1. e4 c6 2. d4 d5 3. exd5 cxd5 4. Bd3 Nc6 5. c3 Nf6 6. Bf4 Qb6 7. Qb3 Qxb3 8. axb3 Nh5 9. Be3 e6 10. Nd2 Bd6 11. Ne2 0-0 12. Nf3 Bd7 13. 0-0 h6 14. b4 b6 15. Ra2 Rfc8 16. Rfa1 Rc7 17. g3 Be8 18. Ra6 Rb7 19. Kg2 Bd7 20. Nc1 Be8 21. Be2 Nf6 22. R6a2 Bxb4 23. Ba6 Re7 24. Nd3 Bd6 25. Bf4 Bxf4 26. Nxf4 Ne4 27. Bd3 Nd6 28. Re1 Kf8 29. Ne5 Nxe5 30. Rxe5 Bb5 31. Bxb5 Nxb5 32. c4 Nxd4 33. cxd5 g5 34. Ra4 gxf4 35. Rxd4 fxg3 36. hxg3 exd5 37. Rexd5 Rc8 38. b4 Rec7 39. Rh4 Rc6 0-1

[Event "Muensterland Regionalliga 1718"]
[Site "Germany"]
[Date "2017.09.02"]
[Round "1.4"]
[White "Diehlmann, Christian"]
[Black "Luetkehermoelle, Martin"]
[Result "1/2-1/2"]
[WhiteElo "1909"]
[BlackElo "1972"]
[PlyCount "41"]
[EventDate "2017.09.02"]
[EventType "team-tourn"]
[EventRounds "9"]
[EventCountry "GER"]
[SourceTitle "EXT 2019"]
[Source "ChessBase"]
[SourceDate "2018.10.10"]
[SourceVersion "1"]
[SourceVersionDate "2018.10.10"]
[SourceQuality "1"]
[WhiteTeam "Ahaus Wessum"]
[BlackTeam "Gronau"]
[WhiteTeamCountry "GER"]
[BlackTeamCountry "GER"]

1. d4 d5 2. Nf3 Nf6 3. Bf4 e6 4. e3 Nbd7 5. Be2 c5 6. 0-0 Qb6 7. b3 Bd6 8. Ne5 Qc7 9. Nxd7 Bxd7 10. Bxd6 Qxd6 11. dxc5 Qxc5 12. c4 dxc4 13. Bxc4 Bc6 14. Nd2 Rd8 15. Qe1 Qg5 16. g3 b5 17. Be2 Qd5 18. Bf3 Qd6 19. Bxc6+ Qxc6 20. Qe2 0-0 21. Rfc1 1/2-1/2

[Event "Muensterland Verbandsliga 1617"]
[Site "Germany"]
[Date "2017.03.18"]
[Round "8.3"]
[White "Diehlmann, Christian"]
[Black "Voss, Norbert"]
[Result "1/2-1/2"]
[WhiteElo "1870"]
[BlackElo "1823"]
[PlyCount "51"]
[EventDate "2016.09.10"]
[EventType "team"]
[EventRounds "9"]
[EventCountry "GER"]
[SourceTitle "EXT 2018"]
[Source "ChessBase"]
[SourceDate "2017.10.13"]
[SourceVersion "1"]
[SourceVersionDate "2017.10.13"]
[SourceQuality "1"]
[WhiteTeam "Ahaus Wessum"]
[BlackTeam "Muenster SK IV"]
[WhiteTeamCountry "GER"]
[BlackTeamCountry "GER"]

1. d4 d6 2. c4 e5 3. e3 Nc6 4. Nc3 g6 5. Nge2 Bg7 6. g3 Nh6 7. Bg2 0-0 8. 0-0 exd4 9. Nxd4 Nxd4 10. exd4 Nf5 11. Be3 c6 12. Qd2 Qa5 13. a3 Qb6 14. Rad1 Qb3 15. Qe2 Bd7 16. Be4 Rae8 17. Rd2 Re7 18. Qd3 Nxe3 19. fxe3 Rfe8 20. Nd5 Qxd3 21. Nxe7+ Rxe7 22. Bxd3 Rxe3 23. Bc2 Bh3 24. Rfd1 Bg4 25. Rb1 Bh6 26. Rd3 1/2-1/2

[Event "Muensterland Verbandsliga 1617"]
[Site "Germany"]
[Date "2017.01.28"]
[Round "6.3"]
[White "Diehlmann, Christian"]
[Black "Fischer, Andreas"]
[Result "1-0"]
[WhiteElo "1870"]
[BlackElo "1927"]
[PlyCount "79"]
[EventDate "2016.09.10"]
[EventType "team"]
[EventRounds "9"]
[EventCountry "GER"]
[SourceTitle "EXT 2018"]
[Source "ChessBase"]
[SourceDate "2017.10.13"]
[SourceVersion "1"]
[SourceVersionDate "2017.10.13"]
[SourceQuality "1"]
[WhiteTeam "Ahaus Wessum"]
[BlackTeam "Saerbeck"]
[WhiteTeamCountry "GER"]
[BlackTeamCountry "GER"]

1. d4 d5 2. Nf3 e6 3. c4 c6 4. e3 f5 5. Nc3 Nf6 6. Bd3 Be7 7. 0-0 0-0 8. b3 Ne4 9. Bb2 Nd7 10. Rc1 Nxc3 11. Bxc3 Nf6 12. Qc2 Ne4 13. Bb2 Bd7 14. Ne5 g6 15. f3 Ng5 16. e4 Bd6 17. Rce1 Rc8 18. Qc1 Nf7 19. exf5 exf5 20. Ba3 Nxe5 21. dxe5 Bxa3 22. Qxa3 Be6 23. Qxa7 dxc4 24. Bxc4 Bxc4 25. bxc4 Ra8 26. Qxb7 Qd4+ 27. Kh1 Qxc4 28. Rc1 Qxa2 29. Qxc6 Rfd8 30. Rfd1 Rxd1+ 31. Rxd1 Rb8 32. h4 Rb1 33. Qe8+ Kg7 34. Qe7+ Kg8 35. Rxb1 Qxb1+ 36. Kh2 Qc1 37. e6 Qf4+ 38. Kh3 Qc1 39. Qf7+ Kh8 40. Qf8# 1-0

[Event "Muensterland Verbandsklasse-B 1112"]
[Site "Germany"]
[Date "2012.04.21"]
[Round "8.3"]
[White "Diehlmann, Christian"]
[Black "Wetterau, Georg"]
[Result "1-0"]
[WhiteElo "1908"]
[BlackElo "1847"]
[PlyCount "35"]
[EventDate "2011.09.17"]
[EventType "team-tourn"]
[EventRounds "9"]
[EventCountry "GER"]
[SourceTitle "EXT 2013"]
[Source "ChessBase"]
[SourceDate "2012.11.22"]
[SourceVersion "1"]
[SourceVersionDate "2012.11.22"]
[SourceQuality "1"]
[WhiteTeam "Ahaus Wessum"]
[BlackTeam "Nordwalde"]
[WhiteTeamCountry "GER"]
[BlackTeamCountry "GER"]

1. d4 Nf6 2. Nf3 d5 3. c4 c6 4. Nc3 g6 5. Bg5 Bg7 6. e3 0-0 7. Be2 dxc4 8. Bxc4 b5 9. Bb3 b4 10. Bxf6 Bxf6 11. Ne4 Bg7 12. 0-0 Nd7 13. Rc1 Bb7 14. Nfg5 e6 15. Nxf7 Rxf7 16. Bxe6 Nf8 17. Bxf7+ Kxf7 18. Qb3+ 1-0

[Event "Muensterland Verbandsklasse-B 1112"]
[Site "Germany"]
[Date "2011.09.17"]
[Round "1.2"]
[White "Melkert, Tim"]
[Black "Diehlmann, Christian"]
[Result "1/2-1/2"]
[WhiteElo "1852"]
[BlackElo "1908"]
[PlyCount "67"]
[EventDate "2011.09.17"]
[EventType "team-tourn"]
[EventRounds "9"]
[EventCountry "GER"]
[SourceTitle "EXT 2013"]
[Source "ChessBase"]
[SourceDate "2012.11.22"]
[SourceVersion "1"]
[SourceVersionDate "2012.11.22"]
[SourceQuality "1"]
[WhiteTeam "Nienberge II"]
[BlackTeam "Ahaus Wessum"]
[WhiteTeamCountry "GER"]
[BlackTeamCountry "GER"]

1. Nf3 d5 2. c4 c6 3. g3 Nf6 4. Bg2 Bg4 5. 0-0 Nbd7 6. d4 dxc4 7. Nc3 e6 8. Bg5 Be7 9. Qc2 Nd5 10. Bxe7 Qxe7 11. a3 h5 12. e4 Nxc3 13. Qxc3 Qf6 14. Ne5 Be2 15. Rfe1 Bd3 16. Nxc4 Bxc4 17. Qxc4 h4 18. e5 Qe7 19. b4 Nb6 20. Qd3 Rd8 21. Rac1 Nd5 22. Rc5 0-0 23. Re4 hxg3 24. hxg3 g6 25. Rg4 Kg7 26. f4 Rg8 27. Rc1 Nc7 28. f5 exf5 29. Qxf5 Ne6 30. Qf2 Rh8 31. Rf1 Rh5 32. Be4 Ng5 33. Qf6+ Qxf6 34. exf6+ 1/2-1/2

[Event "Muensterland Verbandsklasse-B 1011"]
[Site "Germany"]
[Date "2011.01.29"]
[Round "6.4"]
[White "Dietrich, Johannes"]
[Black "Diehlmann, Christian"]
[Result "0-1"]
[WhiteElo "1797"]
[BlackElo "1902"]
[PlyCount "42"]
[EventDate "2010.09.18"]
[EventType "team-tourn"]
[EventRounds "9"]
[EventCountry "GER"]
[SourceTitle "EXT 2012"]
[Source "ChessBase"]
[SourceDate "2011.11.24"]
[SourceVersion "1"]
[SourceVersionDate "2011.11.24"]
[SourceQuality "1"]
[WhiteTeam "Muenster SK IV"]
[BlackTeam "Ahaus Wessum"]
[WhiteTeamCountry "GER"]
[BlackTeamCountry "GER"]

1. Nf3 d5 2. g3 Nf6 3. Bg2 Bf5 4. c4 c6 5. b3 e6 6. 0-0 Nbd7 7. d3 Be7 8. Bb2 0-0 9. Nbd2 h6 10. Re1 Qb6 11. e4 dxe4 12. dxe4 Bh7 13. Qe2 Bc5 14. e5 Ng4 15. Rf1 Rfd8 16. h3 Nxf2 17. Rxf2 Nf8 18. Bc3 Rd3 19. Rc1 Re3 20. Qf1 Bd3 21. Qd1 Re2 0-1

[Event "Muensterland Verbandsklasse-B 1011"]
[Site "Germany"]
[Date "2010.10.09"]
[Round "2.5"]
[White "Junker, Axel"]
[Black "Diehlmann, Christian"]
[Result "1-0"]
[WhiteElo "1771"]
[BlackElo "1902"]
[PlyCount "157"]
[EventDate "2010.09.18"]
[EventType "team-tourn"]
[EventRounds "9"]
[EventCountry "GER"]
[SourceTitle "EXT 2012"]
[Source "ChessBase"]
[SourceDate "2011.11.24"]
[SourceVersion "1"]
[SourceVersionDate "2011.11.24"]
[SourceQuality "1"]
[WhiteTeam "Telgte"]
[BlackTeam "Ahaus Wessum"]
[WhiteTeamCountry "GER"]
[BlackTeamCountry "GER"]

1. c4 e5 2. Nc3 Bc5 3. g3 Nc6 4. Bg2 d6 5. Nf3 Be6 6. d3 Qd7 7. Ng5 Bg4 8. h3 Bh5 9. Nge4 Bb6 10. Nd5 f5 11. Nxb6 axb6 12. Nc3 Nge7 13. 0-0 0-0 14. f4 Rae8 15. Qd2 Kh8 16. b3 Ng8 17. Bb2 Nf6 18. Rae1 Bg6 19. e3 Re7 20. fxe5 Nxe5 21. d4 Nf7 22. d5 Ng5 23. Kh2 Rfe8 24. Qd4 Nge4 25. Nxe4 Nxe4 26. Rf4 h6 27. Rh4 Kh7 28. Rf4 Nf6 29. Qd2 Ne4 30. Qd4 Nc5 31. Qd2 b5 32. Bd4 Ne4 33. Bxe4 Rxe4 34. Rc1 Rxf4 35. gxf4 bxc4 36. bxc4 b6 37. Rg1 c5 38. dxc6 Qxc6 39. Qg2 Qxg2+ 40. Rxg2 Rc8 41. Bxb6 Rxc4 42. Bd4 Rc7 43. a4 Be8 44. a5 Bb5 45. Rb2 Rb7 46. Bb6 Ba6 47. Rd2 Rd7 48. Rd5 Kg6 49. Bc5 Bb7 50. Rd2 d5 51. Rb2 Rc7 52. Bd4 Kh5 53. Be5 Re7 54. Rb6 Bc8 55. Rd6 Rd7 56. Rxd7 Bxd7 57. Bxg7 Bb5 58. Kg3 Be2 59. Kf2 Bd3 60. Bf6 Bb5 61. Ke1 Kg6 62. Bd8 Kf7 63. Kd2 Ke6 64. Kc3 Kd7 65. Bf6 Kc6 66. Kd4 h5 67. h4 Kd6 68. Be5+ Kc6 69. Bb8 Kb7 70. Kxd5 Kxb8 71. Ke5 Bd3 72. Kf6 Kc7 73. Kg5 Kd6 74. Kxh5 Ke6 75. Kg6 Ke7 76. Kg7 Be2 77. a6 Bxa6 78. h5 Be2 79. h6 1-0

[Event "Muensterland Verbandsliga 0910"]
[Site "Germany"]
[Date "2010.04.17"]
[Round "8.6"]
[White "Diehlmann, Christian"]
[Black "Kolakovic, Klaudio"]
[Result "1-0"]
[WhiteElo "1909"]
[BlackElo "1974"]
[PlyCount "87"]
[EventDate "2009.09.26"]
[EventType "team-tourn"]
[EventRounds "9"]
[EventCountry "GER"]
[SourceTitle "EXT 2011"]
[Source "ChessBase"]
[SourceDate "2010.11.26"]
[SourceVersion "1"]
[SourceVersionDate "2010.11.26"]
[SourceQuality "1"]
[WhiteTeam "Ahaus Wessum"]
[BlackTeam "Suedlohn"]
[WhiteTeamCountry "GER"]
[BlackTeamCountry "GER"]

1. d4 Nf6 2. Nf3 g6 3. c4 c5 4. d5 Ne4 5. Qc2 Qa5+ 6. Bd2 Nxd2 7. Nfxd2 Bg7 8. Nc3 d6 9. e3 0-0 10. Be2 Bd7 11. 0-0 a6 12. a4 Qd8 13. Rab1 a5 14. Nb5 Na6 15. Qb3 Nb4 16. Rbc1 Rc8 17. Rfe1 f5 18. f4 Qe8 19. Nb1 Qf7 20. N1c3 Qf6 21. Rcd1 h5 22. Rd2 h4 23. Qd1 Bh6 24. g3 hxg3 25. hxg3 Kf7 26. Bf3 g5 27. Rh2 Rg8 28. Kf2 Rh8 29. Reh1 g4 30. Bg2 Bg7 31. Qe2 Rxh2 32. Rxh2 Bxb5 33. axb5 Rh8 34. Rxh8 Bxh8 35. Kf1 Qh6 36. e4 Bxc3 37. bxc3 Qf6 38. e5 dxe5 39. fxe5 Qg5 40. cxb4 Qc1+ 41. Kf2 axb4 42. e6+ Ke8 43. Bf1 b3 44. Qe5 1-0